000 00220 a2200097 4500
001 45155
100 _aTietjens O.G
245 _aApplied hydro aeromechanics
260 _aNew York
_bDover pub
_c
090 _c28355
_d28355
942 _aNUST-CAE
_cM
_c20397
999 _c280228
_d280228